Statistics for Spain Country Quiz

Click here to take the quiz!

General Stats

  • This quiz has been taken 31,177 times
  • The average score is 17 of 28

Answer Stats

Hint Answer % Correct
Capital cityMadrid
98%
Bordering countriesFrance
95%
Bordering countriesPortugal
95%
Second biggest cityBarcelona
94%
Bordering countriesAndorra
85%
Afternoon napSiesta
84%
Spanish for SpainEspaña
83%
Region of the aboveCatalonia
78%
Peninsula of Spain and PortugalIberia
76%
Dictator until 1975Francisco Franco
74%
Mountain range separating Spain and FrancePyrenees
69%
Year that Columbus discovered the New World1492
68%
"Guernica" painterPablo Picasso
65%
Most populous islandsMajorca
63%
"Running of the Bulls" cityPamplona
61%
Husband and wife that united SpainIsabella
61%
Husband and wife that united SpainFerdinand
53%
The man of La ManchaDon Quixote
53%
Guggenheim cityBilbao
51%
Conquerer of the AztecsHernán Cortés
50%
Former currencyPeseta
39%
Conquerer of the IncasFrancisco Pizarro
38%
Most populous islandsTenerife
38%
Author of the book featuring ^Miguel de Cervantes
37%
Top football flightLa Liga
34%
Red spice that flavors paellaSaffron
33%
Current kingFelipe VI
33%
Most populous islandsGran Canaria
32%

Score Distribution

Percentile by Number Answered

Percent of People with Each Score

Your Score History

You have not taken this quiz